| 000 | 00754cab a2200277 4500 | ||
|---|---|---|---|
| 001 | WB2901-84 | ||
| 008 | 090401t1992 xxu||||| |||| 00| 0 eng d | ||
| 035 | _a(Sirsi) u18760 | ||
| 041 | _aeng | ||
| 245 | _aValuers accused of undervaluation | ||
| 260 | _c1992 | ||
| 350 | _a0 | ||
| 490 |
_aTimes _v30 December 1992, 22(2) |
||
| 520 | _aValuers are still being challenged about undervaluing property for fear of being sued for overvaluation. | ||
| 650 | _aBUILDING SOCIETIES | ||
| 650 | _aHOUSE SALES | ||
| 650 | _aHOUSING MARKET | ||
| 650 | _aLOW VALUATIONS | ||
| 650 | _aOVERVALUATION | ||
| 650 | _aRICS | ||
| 650 | _aSURVEYORS | ||
| 650 | _aUNDER VALUATION | ||
| 690 | _aRATING AND VALUATION | ||
| 942 | _n0 | ||
| 948 | _c04/03/1997 | ||
| 999 |
_c12487 _d12487 |
||